Alacant a part / (Record no. 100742)

MARC details
000 -LEADER
campo de control de longitud fija 00618nam a2200193 i 4500
001 - NÚMERO DE CONTROL
campo de control 100742
003 - IDENTIFICADOR DE NÚMERO DE CONTROL
campo de control ES-MaACL
005 - FECHA Y HORA DE LA ÚLTIMA TRANSACCIÓN
campo de control 20250910213143.0
007 - CAMPO FIJO DE DESCRIPCIÓN FÍSICA--INFORMACIÓN GENERAL
campo de control de longitud fija t|
008 - DATOS DE LONGITUD FIJA--INFORMACIÓN GENERAL
campo de control de longitud fija 051005s1966 sp ||||1| cat d
100 1# - ENTRADA PRINCIPAL--NOMBRE DE PERSONA
Nombre de persona Mateo, José Vicente.
9 (RLIN) 78947
245 10 - MENCIÓN DEL TÍTULO
Título Alacant a part /
Mención de responsabilidad, etc. José Vicente Mateo; proleg Joan Fuster; traduit per Enriqueta Calsina Cires.
260 ## - PUBLICACIÓN, DISTRIBUCIÓN, ETC.
Lugar de publicación, distribución, etc. Barcelona :
Nombre del editor, distribuidor, etc. Aportació Catalana,
Fecha de publicación, distribución, etc. 1966.
300 ## - DESCRIPCIÓN FÍSICA
Extensión 68 p. ;
Dimensiones 22 cm.
700 1# - ENTRADA AGREGADA--NOMBRE PERSONAL
Nombre de persona Fuster, Joan,
Fechas asociadas al nombre 1922-1992
9 (RLIN) 163689
700 1# - ENTRADA AGREGADA--NOMBRE PERSONAL
Nombre de persona Calsina Cires, Enriqueta.
9 (RLIN) 33791
852 ## - LOCALIZACIÓN
Ubicación ES-MaACL
Número de control de estantería C-29206
Sublocalización o colección R.59622
Holdings
Estatus retirado Estado de pérdida Estado de daño No para préstamo Biblioteca de origen Biblioteca actual Ubicación en estantería Fecha de adquisición Fuente de adquisición Total de préstamos Signatura topográfica completa Código de barras Visto por última vez Precio de reemplazo Tipo de ítem Koha
        Biblioteca del Ateneo de Madrid Biblioteca del Ateneo de Madrid Depósito 2 17/01/2008     C-29206 1105179 23/02/2023 23/02/2023 Libro impreso